Τουριστικό παρατηρητήριο Ικαρίας : προσπάθεια εκτίμησης και αξιολόγησης της τουριστικής ανάπτυξης του νησιού : [μεταπτυχιακή εργασία]

Αποθηκεύτηκε σε:
Λεπτομέρειες βιβλιογραφικής εγγραφής
Κύριος συγγραφέας: Ατσιδαύτη, Μοσχούλα-Γεωργία
Συγγραφή απο Οργανισμό/Αρχή: Πανεπιστήμιο Αιγαίου Σχολή Επιστημών της Διοίκησης Τμήμα Διοίκησης Επιχειρήσεων Πρόγραμμα Μεταπτυχιακών Σπουδών "Σχεδιασμός, Διοίκηση και Πολιτική του Τουρισμού"
Μορφή: Thesis Βιβλίο
Γλώσσα:Greek
Δημοσίευση: 2007
Θέματα:
Διαθέσιμο Online:http://hdl.handle.net/11610/11485
Ετικέτες: Προσθήκη ετικέτας
Δεν υπάρχουν, Καταχωρήστε ετικέτα πρώτοι!

MARC

LEADER 00000cam a2200000 i 4500
001 1/65669
008 071122s2007 gre d
035 |l 10092753 
040 |a GR-MY-UA  |b gre  |e aacr 
041 0 |a gre 
082 0 |a 338.4791  |2 (22) 
100 1 |a Ατσιδαύτη, Μοσχούλα-Γεωργία. 
245 1 0 |a Τουριστικό παρατηρητήριο Ικαρίας :  |b προσπάθεια εκτίμησης και αξιολόγησης της τουριστικής ανάπτυξης του νησιού : [μεταπτυχιακή εργασία] /  |c Ατσιδαύτη Μοσχούλα - Γεωργία 
260 |c 2007 
300 |a 101 σ.;  |b εικ., σχ., πιν.;  |c 30 εκ. 
502 # # |a Διατριβή (μεταπτυχιακή) – Πανεπιστήμιο Αιγαίου, Χίος, 2007. 
504 |a Περιλαμβάνει βιβλιογραφία 
610 2 0 |a Πανεπιστήμιο Αιγαίου. 
650 0 0 |a Tourism  |z Greece  |z Ikaria (Municipality) 
650 0 0 |a Tourism  |z Greece  |x Research. 
650 0 0 |a Dissertations, Academic  |z Greece. 
710 2 |a Πανεπιστήμιο Αιγαίου  |b Σχολή Επιστημών της Διοίκησης  |b Τμήμα Διοίκησης Επιχειρήσεων  |b Πρόγραμμα Μεταπτυχιακών Σπουδών "Σχεδιασμός, Διοίκηση και Πολιτική του Τουρισμού". 
852 |a INST  |b CHIOS  |c DIATR  |e 20071203  |h 338.4791 ΑΤΣ  |p 005200028309  |q 005200028309  |t MTXE  |y 23 
852 |a INST  |b CHIOS  |c DIATR  |e 20071203  |h 338.4791 ΑΤΣ  |p 005200028310  |q 005200028310  |t MTXE  |y 23 
856 |u http://hdl.handle.net/11610/11485 
901 |a BIBL2-2007-3 
909 |a Χ  |b 131515 
909 |a Χ  |b 131516 
924 |a ΑΤΣΙΔΑΥΤΗ  |b ΜΟΣΧΟΥΛΑ - ΓΕΩΡΓΙΑ  |y ΧΙΟΣ  |z 2007-11 
970 |a ΑΤΣΑΛΗ  |b ΔΕΣΠΟΙΝΑ  |z 2007/11/22